Leaders of The Philippines Since 1900 - Statistics

General Stats
  • This quiz has been taken 24 times
  • The average score is 12 of 44
Answer Stats
Answer % Correct
Bongbong Marcos
86%
Ferdinand Marcos
86%
Benigno Aquino III
77%
Corazon Aquino
77%
Rodrigo Duterte
77%
Manuel L. Quezon
55%
Emilio Aguinaldo
45%
Gloria Macapagal Arroyo
45%
Fidel V. Ramos
41%
Diosdado Macapagal
36%
Elpidio Quirino
36%
Joseph Estrada
36%
Ramon Magsaysay
36%
Sergio Osmena
36%
Jose P. Laurel
32%
Manuel Roxas
32%
William Howard Taft
32%
Carlos P. Garcia
27%
Franklin D. Roosevelt
23%
Theodore Roosevelt
23%
Theodore Roosevelt Jr.
23%
Warren G. Harding
23%
William McKinley
23%
Calvin Coolidge
18%
Herbert Hoover
18%
Woodrow Wilson
18%
Francis Burton Harrison
14%
Showa Emperor
14%
Dwight F. Davis
9%
Yamashita Tomoyuki
9%
Charles Yeater
5%
Eugene Allen Gilmore
5%
Frank Murphy
5%
George C. Butte
5%
Henry Clay Ide
5%
Henry L. Stimson
5%
Honma Masaharu
5%
James Francis Smith
5%
Kuroda Shigenori
5%
Leonard Wood
5%
Luke Edward Wright
5%
Newton W. Gilbert
5%
Tanaka Shizuichi
5%
William Cameron Forbes
5%
No matching quizzes found
Score Distribution
Percent of People with Each Score
Percentile by Number Answered
Your Score History
You have not taken this quiz